| 000 | 01109nam a22003378i 4500 | ||
|---|---|---|---|
| 001 | 020751348 | ||
| 003 | EG-ScBUE | ||
| 005 | 20230606121216.0 | ||
| 008 | 220916t2018 ua a f 000 0 eng d | ||
| 020 | _a9789775864192 | ||
| 040 |
_aStDuBDS _beng _erda _cStDuBDS _dEG-ScBUE |
||
| 082 | 0 | 4 |
_a962.15 _222 _bSUE |
| 245 | 0 | 4 |
_aThe Suez Canal : _ba history / _cedited by Sherif Boraie. |
| 264 | 1 |
_a[Cairo] : _bZeitouna, _c[2018] |
|
| 264 | 4 | _cc2018 | |
| 300 |
_a96 pages : _bcolor illustrations ; _c21 cm |
||
| 336 |
_atext _2rdacontent _btxt |
||
| 336 |
_astill image _2rdacontent _btxt |
||
| 337 |
_aunmediated _2rdamedia _bn |
||
| 338 |
_avolume _2rdacarrier _bnc |
||
| 506 | 0 | _aOpen access. | |
| 651 | 7 |
_aSuez Canal (Egypt) _xHistory. _2BUEsh |
|
| 651 | 7 |
_aSuez Canal (Egypt) _xPolitical aspects. _2BUEsh |
|
| 651 | 7 |
_aSuez Canal (Egypt) _xStrategic aspects. _2BUEsh |
|
| 651 | 7 |
_aSuez Canal (Egypt) _xEconomic aspects. _2BUEsh |
|
| 655 | _vReading book | ||
| 700 | 1 |
_aBoraïe, Sherif, _eeditor. |
|
| 776 | 0 | 8 |
_iebook version : _z9783031156700 |
| 942 |
_2ddc _cBB |
||
| 999 |
_c30457 _d30428 |
||